000 00565nam a2200217Ia 4500
005 20241216005936.0
008 180423s9999||||xx |||||||||||||| ||und||
082 _a155.2
_bM96
100 _aMUSSEN, PAUL HENRY Y OTROS
245 0 _aDESARROLLO DE LA PERSONALIDAD EN EL NIÑO
250 _a0
260 _aMEXICO
_bTRILLAS
_c1977
300 _a877 pag.
_c23 cm
341 _h0
490 _v0
_a0
505 _aPSICOLOGIA-DESARROLLO/NIÑEZ INTERMEDIA-ADOLESCENCIA
541 _aC
_d09-Sep-93
650 _aFILOSOFIA
856 _zHumanidades
942 _cLIBRO
999 _c1293
_d1293